00945nam a2200253Ia 4500003000900000008004100009020001800050040001600068080001700084245012000101260003700221300001400258490004900272650003500321650002500356650002600381700003200407700003300439700002700472700003300499942000700532999001700539952013500556IN-BaIIA211028s9999 xx 000 0 eng d a0-415-27353-6 cIIA Library a523.842bMAS 0aMass transfer in close binary starscedited by A. A. Boyarchuk…[et al.]  aLondonbTaylor and Francisc2002 axi, 365p. aAdvances in astronomy and astrophysics; v. 6 aAstrophysical gas flows928320 aBinary systems91186 aClose binaries928321 aBisikalo, D. V., ed.928322 aBoyarchuk, A. A., ed.928323 aChechetkin, ed.928324 aKuznetsov, O. A., ed.928325 cBK c15352d15352 00104070aBANbBANcGENd2003-08-23eANJ g5274.50l0o523.842/ MASp16274r2021-11-05v5274.50w2003-08-23yBKGRs. 5274.50